00517nam a2200229Ia 450000500170000000800460001702000180006303700100008104000080009104000080009904000080010704100080011504100080012308400080013110000210013924500290016026000230018926000090021236500050022136500080022685600530023420260324131502.0008 260324s9999 xx 000 0 eng d a9781003554035 aEBOOK aCRL beng cCRL 2eng aeng qCRL aMarcia L. Colish 0aStudies in Scholasticism bTaylor and Francis c2006 a b255 uhttp://www.taylorfrancis.com/books/9781003554035